00577nam a2200169Ia 4500008004100000041000800041082001900049100002300068245001900091260002900110300000800139365001600147700002300163906003200186999001900218952017000237230718s9999 xx 000 0 und d aeng a621.402'1bARO aArora C.P.9160582 aThermodynamics c2006bTata Mc Graw Hill  a762 cRs.b350.00 aArora C.P.9160582 dB:403129-Nov-2007cMECHb70 c318012d318012 00104070aCCEPbCCEPd2008-01-03eVarma Book DistributorsfMECHg280.00i4031l0o621.402'1pCCEP-BK-29219r2023-07-18 00:00:00t70v350.00w2007-11-29yBKz029219